<?xml version="1.0" encoding="UTF-8"?>
<record
    xmlns:xsi="http://www.w3.org/2001/XMLSchema-instance"
    xsi:schemaLocation="http://www.loc.gov/MARC21/slim http://www.loc.gov/standards/marcxml/schema/MARC21slim.xsd"
    xmlns="http://www.loc.gov/MARC21/slim">

  <leader>04628nam a2200529Ia 4500</leader>
  <controlfield tag="001">dia_6908</controlfield>
  <controlfield tag="003">CHAP</controlfield>
  <controlfield tag="005">20240626153646.0</controlfield>
  <controlfield tag="007">ta</controlfield>
  <controlfield tag="008">220601s2018    mx ado frm    001 0 spa d</controlfield>
  <datafield tag="040" ind1=" " ind2=" ">
    <subfield code="a">mxchpua</subfield>
    <subfield code="c">CHAP</subfield>
    <subfield code="e">rda</subfield>
  </datafield>
  <datafield tag="041" ind1="0" ind2=" ">
    <subfield code="a">spa</subfield>
    <subfield code="b">eng</subfield>
  </datafield>
  <datafield tag="090" ind1=" " ind2=" ">
    <subfield code="a">Tesis </subfield>
    <subfield code="b">S263 </subfield>
    <subfield code="c">2018</subfield>
  </datafield>
  <datafield tag="100" ind1="1" ind2=" ">
    <subfield code="a">Santiago Santos, Betzaida Areli</subfield>
  </datafield>
  <datafield tag="240" ind1="1" ind2="0">
    <subfield code="a">Elaboration of a gluten-free bread by the addition of dough with modified amaranth starch and WPI*.</subfield>
    <subfield code="l">Espa&#xF1;ol</subfield>
  </datafield>
  <datafield tag="245" ind1="1" ind2="0">
    <subfield code="a">Elaboraci&#xF3;n de un pan libre de gluten mediante masas adicionadas con almid&#xF3;n modificado de amaranto y WPI /</subfield>
    <subfield code="c">Betzaida Areli Santiago Santos</subfield>
  </datafield>
  <datafield tag="264" ind1=" " ind2=" ">
    <subfield code="a">Chapingo, M&#xE9;xico :</subfield>
    <subfield code="b">El autor,</subfield>
    <subfield code="c">2018</subfield>
  </datafield>
  <datafield tag="300" ind1=" " ind2=" ">
    <subfield code="a">ix, 108 hojas :</subfield>
    <subfield code="b">ilustraciones,gr&#xE1;ficas, tablas, fotos +</subfield>
    <subfield code="e">1 CD-ROM</subfield>
  </datafield>
  <datafield tag="336" ind1=" " ind2=" ">
    <subfield code="2">rdacontent</subfield>
    <subfield code="a">texto</subfield>
    <subfield code="b">txt</subfield>
  </datafield>
  <datafield tag="337" ind1=" " ind2=" ">
    <subfield code="2">rdamedia</subfield>
    <subfield code="a">no mediado</subfield>
    <subfield code="b">n</subfield>
  </datafield>
  <datafield tag="338" ind1=" " ind2=" ">
    <subfield code="2">rdacarrier</subfield>
    <subfield code="a">volumen</subfield>
    <subfield code="b">nc</subfield>
  </datafield>
  <datafield tag="500" ind1=" " ind2=" ">
    <subfield code="a">El CD contiene reporte y art&#xED;culo</subfield>
  </datafield>
  <datafield tag="502" ind1=" " ind2=" ">
    <subfield code="a">Tesis </subfield>
    <subfield code="b">(Maestro en Ciencias en Ciencia y Tecnolog&#xED;a Agroalimentaria) -- </subfield>
    <subfield code="c">UACh. Departamento de Ingenier&#xED;a Agroindustrial, </subfield>
    <subfield code="d">2018</subfield>
  </datafield>
  <datafield tag="504" ind1=" " ind2=" ">
    <subfield code="a">Bibliograf&#xED;a: hojas 107-108</subfield>
  </datafield>
  <datafield tag="520" ind1="3" ind2=" ">
    <subfield code="a">En este trabajo se llev&#xF3; a cabo la extracci&#xF3;n y caracterizaci&#xF3;n fisicoqu&#xED;mica de almid&#xF3;n de amaranto (Amaranthus hypochondriacus, variedad revancha). El almid&#xF3;n nativo se modific&#xF3; qu&#xED;micamente incorporando grupos acetilo, se evalu&#xF3; el efecto que tuvo la acetilaci&#xF3;n en la capacidad de retenci&#xF3;n de agua, &#xED;ndice de solubilidad, poder de hinchamiento y capacidad de retenci&#xF3;n de aceite, la temperatura de gelatinizaci&#xF3;n y la viscosidad se determinaron mediante un re&#xF3;metro (Anton Paar Physica MCR 300, Gaz, Austria). El almid&#xF3;n obtenido se utiliz&#xF3; en la formulaci&#xF3;n de masas para pan libre de gluten, fue incorporado con aislado de prote&#xED;na de lactosuero (por sus siglas en ingl&#xE9;s, WPI), variando los porcentajes en la formulaci&#xF3;n, para evaluar su efecto en la viscosidad de las masas, y en la retenci&#xF3;n del gas dentro de la miga, retenci&#xF3;n de humedad en el pan y se evaluaron las caracter&#xED;sticas texturales del pan (firmeza, cohesividad, elasticidad y masticabilidad) durante los tres primeros d&#xED;as. Los resultados fueron comparados con un pan elaborado con harina de trigo para determinar cu&#xE1;l fue la formulaci&#xF3;n que present&#xF3; caracter&#xED;sticas similares a este, el conocimiento de las propiedades del almid&#xF3;n otorgadas por la modificaci&#xF3;n qu&#xED;mica permite hacer inferencia sobre la aplicaci&#xF3;n del almid&#xF3;n en algunos productos alimenticios. --</subfield>
  </datafield>
  <datafield tag="520" ind1="3" ind2=" ">
    <subfield code="a"> The extraction and physicochemical characterization of amaranth starch (Amaranthus hypochondriacus, revancha variety) was investigated through this project. The native starch was chemically modified by incorporating acetyl groups. The acetylation effect on water retention capacity, solubility index, swelling power and oil retention capacity, gelatinization temperature and viscosity was determined using a rheometer (Anton Paar Physica MCR 300, Gaz, Austria). The obtained starch was used to formulate gluten-free bread dough; it was incorporated with whey protein isolate, varying the percentages in the formulation to evaluate its effect on the viscosity of the dough, gas retention within the crumb and moisture retention in the bread. The textural characteristics of the bread (firmness, cohesiveness, elasticity and chewiness) were evaluated in the first three days. The results were compared with a bread made with wheat flour to determine which formulation presented characteristics similar to it. Knowledge of the starch properties granted by the chemical modifications allows making inferences regarding the application of the starch in some food products.</subfield>
  </datafield>
  <datafield tag="650" ind1="1" ind2="3">
    <subfield code="a">Fabricaci&#xF3;n de pan  </subfield>
    <subfield code="2">atg</subfield>
  </datafield>
  <datafield tag="650" ind1="1" ind2="3">
    <subfield code="a">Productos horneados  </subfield>
    <subfield code="x">Propiedades fisicoqu&#xED;micas </subfield>
    <subfield code="2">atg</subfield>
  </datafield>
  <datafield tag="650" ind1="1" ind2="3">
    <subfield code="a">Alimentos sin gluten </subfield>
    <subfield code="2">atg</subfield>
  </datafield>
  <datafield tag="650" ind1="1" ind2="3">
    <subfield code="a">Almid&#xF3;n de amaranto </subfield>
    <subfield code="2">atg</subfield>
  </datafield>
  <datafield tag="650" ind1="1" ind2="3">
    <subfield code="a">Productos derivados del suero </subfield>
    <subfield code="2">atg</subfield>
  </datafield>
  <datafield tag="650" ind1="1" ind2="3">
    <subfield code="a">Breadmaking  </subfield>
    <subfield code="2">atg</subfield>
  </datafield>
  <datafield tag="650" ind1="1" ind2="3">
    <subfield code="a">Baked goods  </subfield>
    <subfield code="2">atg</subfield>
    <subfield code="x">Physicochemical properties </subfield>
  </datafield>
  <datafield tag="650" ind1="1" ind2="3">
    <subfield code="a">Gluten-free foods </subfield>
    <subfield code="2">atg</subfield>
  </datafield>
  <datafield tag="650" ind1="1" ind2="3">
    <subfield code="a">Amaranth starch </subfield>
    <subfield code="2">atg</subfield>
  </datafield>
  <datafield tag="650" ind1="1" ind2="3">
    <subfield code="a">Whey products</subfield>
    <subfield code="2">atg</subfield>
  </datafield>
  <datafield tag="700" ind1="1" ind2=" ">
    <subfield code="a">Aguirre Mandujano, Eleazar</subfield>
    <subfield code="e">director</subfield>
  </datafield>
  <datafield tag="700" ind1="1" ind2=" ">
    <subfield code="a">Ram&#xED;rez Santiago, C&#xE9;sar</subfield>
    <subfield code="e">asesor</subfield>
  </datafield>
  <datafield tag="700" ind1="1" ind2=" ">
    <subfield code="a">Sandoval Castilla, Ofelia</subfield>
    <subfield code="e">asesora</subfield>
  </datafield>
  <datafield tag="856" ind1="4" ind2="1">
    <subfield code="u">http://10.13.5.2/tesis/sist114715.pdf</subfield>
    <subfield code="y">DESCARGAR PDF</subfield>
  </datafield>
  <datafield tag="901" ind1=" " ind2=" ">
    <subfield code="a">TESIS S263 2018</subfield>
  </datafield>
  <datafield tag="902" ind1=" " ind2=" ">
    <subfield code="a">M</subfield>
  </datafield>
  <datafield tag="905" ind1=" " ind2=" ">
    <subfield code="a">5232272018                          mx nml 8223123322spa16</subfield>
  </datafield>
  <datafield tag="942" ind1=" " ind2=" ">
    <subfield code="c">TESIS</subfield>
    <subfield code="2">Clasificaci&#xF3;n Universidad Aut&#xF3;noma Chapingo</subfield>
  </datafield>
  <datafield tag="999" ind1=" " ind2=" ">
    <subfield code="c">209699</subfield>
    <subfield code="d">209699</subfield>
  </datafield>
  <datafield tag="952" ind1=" " ind2=" ">
    <subfield code="0">0</subfield>
    <subfield code="1">0</subfield>
    <subfield code="2">local</subfield>
    <subfield code="4">0</subfield>
    <subfield code="5">1</subfield>
    <subfield code="7">0</subfield>
    <subfield code="8">TESIS</subfield>
    <subfield code="a">IA_</subfield>
    <subfield code="b">IA_</subfield>
    <subfield code="d">2022-06-01</subfield>
    <subfield code="e">El autor</subfield>
    <subfield code="l">0</subfield>
    <subfield code="o">Tesis S263 2018</subfield>
    <subfield code="p">1101011794</subfield>
    <subfield code="r">2022-06-01 00:00:00</subfield>
    <subfield code="t">Ej. 2</subfield>
    <subfield code="w">2022-06-01</subfield>
    <subfield code="y">CD</subfield>
  </datafield>
  <datafield tag="952" ind1=" " ind2=" ">
    <subfield code="0">0</subfield>
    <subfield code="1">0</subfield>
    <subfield code="2">local</subfield>
    <subfield code="4">0</subfield>
    <subfield code="5">1</subfield>
    <subfield code="7">0</subfield>
    <subfield code="8">TESIS</subfield>
    <subfield code="a">IA_</subfield>
    <subfield code="b">IA_</subfield>
    <subfield code="d">2022-06-01</subfield>
    <subfield code="e">El autor</subfield>
    <subfield code="l">1</subfield>
    <subfield code="o">Tesis S263 2018</subfield>
    <subfield code="p">1101011793</subfield>
    <subfield code="r">2026-02-02 00:00:00</subfield>
    <subfield code="s">2022-08-26</subfield>
    <subfield code="t">Ej. 1</subfield>
    <subfield code="w">2022-06-01</subfield>
    <subfield code="y">TESIS</subfield>
  </datafield>
  <datafield tag="952" ind1=" " ind2=" ">
    <subfield code="0">0</subfield>
    <subfield code="1">0</subfield>
    <subfield code="2">local</subfield>
    <subfield code="4">0</subfield>
    <subfield code="7">0</subfield>
    <subfield code="8">TesDigM</subfield>
    <subfield code="a">IA_</subfield>
    <subfield code="b">IA_</subfield>
    <subfield code="c">E_L</subfield>
    <subfield code="d">2024-06-26</subfield>
    <subfield code="e">El autor</subfield>
    <subfield code="l">0</subfield>
    <subfield code="p">1201011793</subfield>
    <subfield code="r">2024-06-26 00:00:00</subfield>
    <subfield code="w">2024-06-26</subfield>
    <subfield code="y">TD</subfield>
  </datafield>
</record>
